[Event "North Wales Fide Open"]
[Site "Colwyn Bay"]
[Date "2016.07.03"]
[Round "5"]
[White "Guy, David"]
[Black "Camp, Imogen A L"]
[Result "0-1"]
[WhiteElo "1870"]
[BlackElo "1726"]
[PlyCount "114"]
[EventDate "2016.??.??"]
[EventType "swiss"]
[EventRounds "5"]
[EventCountry "WLS"]

1. d4 d5 2. c4 e6 3. Nc3 Nf6 4. Bg5 Be7 5. Nf3 Nbd7 6. e3 O-O 7. Qc2 Re8 8. Bd3
a6 9. O-O dxc4 10. Bxc4 b5 11. Bd3 c5 12. Rfd1 c4 13. Be2 h6 14. Bh4 Bb7 15. h3
Rc8 16. a3 Nd5 17. Bg3 N7f6 18. Ne5 Nxc3 19. bxc3 Be4 20. Qc1 Nd7 21. Nxd7 Qxd7
22. f3 Bh7 23. e4 Qa7 24. Bf2 Qc7 25. e5 Red8 26. h4 Qa5 27. Rf1 f6 28. exf6
Bxf6 29. Qe3 Re8 30. f4 Bd3 31. Bxd3 cxd3 32. Qxd3 Qxc3 33. Qe4 Rc4 34. Rac1
Qxa3 35. Rxc4 bxc4 36. Qc6 Qe7 37. Ra1 Rd8 38. Qxc4 Bxh4 39. g3 Bf6 40. Rxa6
Qd7 41. Rxe6 Kh8 42. d5 Qxd5 43. Re8+ Kh7 44. Qc2+ Qd3 45. Qxd3+ Rxd3 46. Kf1
Kg6 47. g4 Rf3 48. Re4 Bh4 49. Kg2 Rxf2+ 50. Kh3 Bf6 51. Kg3 Rd2 52. Kf3 Rd3+
53. Ke2 Rd4 54. Ke3 Rxe4+ 55. Kxe4 h5 56. gxh5+ Kxh5 57. Kf5 Kh4 0-1